[Event "Oceania zt"]
[Site "Nadi"]
[Date "2013.05.05"]
[Round "2"]
[White "Lane, Gary William"]
[Black "Dordevic, Ivan"]
[Result "0-1"]
[WhiteElo "2412"]
[BlackElo "2095"]
[PlyCount "98"]
[EventDate "2013.05.05"]
[EventType "swiss"]
[EventRounds "9"]
[EventCountry "FIJ"]
[SourceTitle "CBM 154 Extra"]
[Source "ChessBase"]
[SourceDate "2013.06.25"]
[SourceVersion "2"]
[SourceVersionDate "2013.06.25"]
[SourceQuality "1"]

1. e4 c5 2. Nc3 Nc6 3. Bb5 Nd4 4. Bc4 g6 5. Nf3 Bg7 6. Nxd4 cxd4 7. Qf3 Nf6 8. Nb5 0-0 9. Nxd4 d5 10. exd5 e5 11. Ne2 Bf5 12. Bb3 Be4 13. Qg3 Qc8 14. d3 Nh5 15. Qe3 Bxg2 16. Rg1 Qg4 17. Qg5 Qxg5 18. Bxg5 Bf3 19. d6 Bf6 20. Nc3 Rfd8 21. Ne4 Bxe4 22. dxe4 Rxd6 23. Bd5 Rad8 24. 0-0-0 b5 25. c3 Kg7 26. f3 Bxg5+ 27. Rxg5 Nf4 28. Kc2 Nxd5 29. exd5 Rxd5 30. Rxd5 Rxd5 31. b3 f5 32. Rg2 Kf6 33. c4 Rc5 34. Kc3 a5 35. a3 g5 36. Rd2 Ke7 37. Rg2 h6 38. Kd3 a4 39. cxb5 Rxb5 40. b4 Rd5+ 41. Ke3 f4+ 42. Ke2 e4 43. fxe4 Rd4 44. Kf3 Rd3+ 45. Kg4 Rxa3 46. Kh5 Kf6 47. b5 Rh3+ 48. Kg4 Rb3 49. Ra2 Kg6 0-1

[Event "North Shore op-A 38th"]
[Site "North Shore"]
[Date "2012.09.22"]
[Round "2"]
[White "Dordevic, Ivan"]
[Black "Steadman, Michael VR"]
[Result "1/2-1/2"]
[WhiteElo "2085"]
[BlackElo "2200"]
[PlyCount "93"]
[EventDate "2012.09.22"]
[EventType "swiss"]
[EventRounds "5"]
[EventCountry "NZL"]
[SourceTitle "EXT 2018"]
[Source "ChessBase"]
[SourceDate "2017.10.13"]
[SourceVersion "1"]
[SourceVersionDate "2017.10.13"]
[SourceQuality "1"]

1. e4 e6 2. d4 d5 3. Nc3 Nc6 4. Nf3 Nf6 5. e5 Ne4 6. Bd3 Bb4 7. Bd2 Nxd2 8. Qxd2 f6 9. a3 Be7 10. Bb5 0-0 11. Bxc6 bxc6 12. exf6 Rxf6 13. Qe3 c5 14. dxc5 e5 15. 0-0-0 c6 16. Nxe5 Re6 17. Rhe1 Bf6 18. Qd4 Qe8 19. f4 Rb8 20. Re3 Rb7 21. Rde1 Rbe7 22. b4 a6 23. Na4 g5 24. g3 gxf4 25. gxf4 Rg7 26. Nb6 Ree7 27. c4 dxc4 28. Nbxc4 Be6 29. Nd6 Qh5 30. Ne4 Bh4 31. Qd8+ Qe8 32. Qxe8+ Rxe8 33. Ng3 Bd5 34. Nf5 Bxe1 35. Nxg7 Bf2 36. Re2 Kxg7 37. Rxf2 Kf6 38. Kd2 Kf5 39. Ke3 Rg8 40. Nf3 Re8+ 41. Kd3 Be4+ 42. Ke3 Bd5+ 43. Ne5 Rg8 44. a4 Rg1 45. Rb2 Re1+ 46. Re2 Rb1 47. b5 1/2-1/2

[Event "North Shore op-A 38th"]
[Site "North Shore"]
[Date "2012.09.22"]
[Round "1"]
[White "Zhang, William Jie Wen"]
[Black "Dordevic, Ivan"]
[Result "0-1"]
[WhiteElo "1852"]
[BlackElo "2085"]
[PlyCount "50"]
[EventDate "2012.09.22"]
[EventType "swiss"]
[EventRounds "5"]
[EventCountry "NZL"]
[SourceTitle "EXT 2018"]
[Source "ChessBase"]
[SourceDate "2017.10.13"]
[SourceVersion "1"]
[SourceVersionDate "2017.10.13"]
[SourceQuality "1"]

1. e4 c5 2. Nc3 Nc6 3. Nge2 g6 4. g3 Bg7 5. Bg2 e6 6. 0-0 Nge7 7. d3 0-0 8. f4 d6 9. h3 Rb8 10. a4 a6 11. Be3 Nd4 12. Qd2 b5 13. Bxd4 cxd4 14. Nd1 b4 15. g4 Bd7 16. Ng3 Qc7 17. b3 a5 18. f5 Be5 19. Ne2 exf5 20. exf5 gxf5 21. Qg5+ Kh8 22. gxf5 Rg8 23. Qh5 Bc6 24. Rf2 Qb7 25. Qxf7 Bxg2 0-1

[Event "North Island-ch"]
[Site "Auckland"]
[Date "2012.07.14"]
[Round "8"]
[White "Zhang, William Jie Wen"]
[Black "Dordevic, Ivan"]
[Result "0-1"]
[WhiteElo "1808"]
[BlackElo "2074"]
[PlyCount "78"]
[EventDate "2012.07.11"]
[EventType "swiss"]
[EventRounds "8"]
[EventCountry "NZL"]
[SourceTitle "EXT 2018"]
[Source "ChessBase"]
[SourceDate "2017.10.13"]
[SourceVersion "1"]
[SourceVersionDate "2017.10.13"]
[SourceQuality "1"]

1. d4 c5 2. d5 Nf6 3. c4 e6 4. Nc3 exd5 5. cxd5 d6 6. e4 g6 7. Bd3 Bg7 8. h3 0-0 9. Bg5 h6 10. Be3 a6 11. a4 Re8 12. Nf3 Nbd7 13. 0-0 Rb8 14. a5 b5 15. axb6 Nxb6 16. Qd2 Kh7 17. Rfe1 Nfd7 18. Bf4 Qc7 19. Qc2 c4 20. Bf1 Nc5 21. Ra3 Nd3 22. Bxd3 cxd3 23. Qxd3 Nc4 24. Rc1 Nxa3 25. bxa3 Rb3 26. Nd4 Rxa3 27. Qd2 Qa5 28. Bxd6 Ra1 29. Rxa1 Qxa1+ 30. Kh2 Bd7 31. f4 Rc8 32. Nce2 Bb5 33. Nxb5 axb5 34. e5 Qa4 35. Be7 Rc2 36. Qe3 Qa2 37. d6 Rxe2 38. Qxe2 Qxe2 39. d7 Bxe5 0-1

[Event "Doeberl Cup 50th"]
[Site "Canberra"]
[Date "2012.04.05"]
[Round "1"]
[White "Rathnakaran, Kantholi"]
[Black "Dordevic, Ivan"]
[Result "1-0"]
[WhiteElo "2410"]
[BlackElo "2076"]
[PlyCount "51"]
[EventDate "2012.04.05"]
[EventType "swiss"]
[EventRounds "9"]
[EventCountry "AUS"]
[SourceTitle "CBM 147 Extra"]
[Source "ChessBase"]
[SourceDate "2012.04.24"]
[SourceVersion "1"]
[SourceVersionDate "2012.04.24"]
[SourceQuality "1"]

1. e4 c5 2. Nf3 Nc6 3. Bb5 g6 4. 0-0 Bg7 5. Re1 Nf6 6. e5 Nd5 7. Nc3 Nc7 8. Bxc6 dxc6 9. Ne4 Ne6 10. d3 0-0 11. Be3 b6 12. Qd2 Nd4 13. Nxd4 cxd4 14. Bh6 Bf5 15. Ng3 e6 16. f3 Bxh6 17. Qxh6 f6 18. h4 Qd5 19. Re2 Rae8 20. Rae1 fxe5 21. Rxe5 Qxa2 22. h5 Qxb2 23. Nxf5 gxf5 24. Qg5+ Kf7 25. h6 Re7 26. Rxe6 1-0

[Event "Queenstown op"]
[Site "Queenstown"]
[Date "2012.01.23"]
[Round "9"]
[White "Solomon, Stephen J"]
[Black "Dordevic, Ivan"]
[Result "1-0"]
[WhiteElo "2375"]
[BlackElo "2060"]
[PlyCount "79"]
[EventDate "2012.01.15"]
[EventType "swiss"]
[EventRounds "9"]
[EventCountry "NZL"]
[SourceTitle "CBM 146 Extra"]
[Source "ChessBase"]
[SourceDate "2012.02.29"]
[SourceVersion "1"]
[SourceVersionDate "2012.02.29"]
[SourceQuality "1"]

1. e4 c5 2. Nf3 Nc6 3. d4 cxd4 4. Nxd4 g6 5. Bc4 Bg7 6. Be3 Nf6 7. Nc3 d6 8. Be2 0-0 9. 0-0 Bd7 10. Qd2 Nxd4 11. Bxd4 Bc6 12. f3 a5 13. b3 Nd7 14. Be3 Nc5 15. Rab1 e6 16. Rfd1 Be5 17. Bf1 Qe7 18. Ne2 Rfd8 19. Nd4 Be8 20. g3 f5 21. exf5 gxf5 22. Bg2 Bxd4 23. Bxd4 e5 24. Bc3 b6 25. f4 Rac8 26. Qe3 e4 27. Rd5 Bg6 28. Rbd1 Rc6 29. h4 h5 30. Bh3 Qf7 31. Qd4 Kf8 32. Kf2 a4 33. Bxf5 Bxf5 34. Rxf5 Qxf5 35. Qg7+ Ke8 36. Bf6 Qe6 37. Qh8+ Kf7 38. Bxd8 Qg6 39. Rd5 Ne6 40. f5 1-0

[Event "Oceania zt"]
[Site "Rotorua"]
[Date "2011.01.29"]
[Round "7"]
[White "Dordevic, Ivan"]
[Black "Milligan, Helen"]
[Result "1/2-1/2"]
[WhiteElo "2019"]
[BlackElo "2048"]
[PlyCount "51"]
[EventDate "2011.01.25"]
[EventType "swiss"]
[EventRounds "9"]
[EventCountry "NZL"]
[SourceTitle "CBM 140 Extra"]
[Source "ChessBase"]
[SourceDate "2011.03.01"]
[SourceVersion "1"]
[SourceVersionDate "2011.03.01"]
[SourceQuality "1"]

1. e4 e5 2. Nf3 Nc6 3. Bb5 a6 4. Bxc6 dxc6 5. 0-0 f6 6. d4 exd4 7. Nxd4 c5 8. Nb3 Qxd1 9. Rxd1 Bd7 10. Bf4 0-0-0 11. Nc3 Be6 12. Rxd8+ Kxd8 13. Rd1+ Kc8 14. Nd5 Bxd5 15. Rxd5 b6 16. a4 Ne7 17. Rd1 Nc6 18. c3 Be7 19. f3 Rd8 20. Rxd8+ Kxd8 21. Kf1 Kd7 22. Ke2 Bd6 23. g3 Ke6 24. Bxd6 cxd6 25. f4 f5 26. Ke3 1/2-1/2

[Event "Oceania zt"]
[Site "Rotorua"]
[Date "2011.01.28"]
[Round "6"]
[White "Lane, Gary William"]
[Black "Dordevic, Ivan"]
[Result "1/2-1/2"]
[WhiteElo "2373"]
[BlackElo "2019"]
[PlyCount "82"]
[EventDate "2011.01.25"]
[EventType "swiss"]
[EventRounds "9"]
[EventCountry "NZL"]
[SourceTitle "CBM 140 Extra"]
[Source "ChessBase"]
[SourceDate "2011.03.01"]
[SourceVersion "1"]
[SourceVersionDate "2011.03.01"]
[SourceQuality "1"]

1. e4 c5 2. Nf3 Nc6 3. d4 cxd4 4. Nxd4 g6 5. Nc3 Bg7 6. Be3 Nf6 7. Bc4 0-0 8. Bb3 d6 9. h3 Bd7 10. 0-0 Nxd4 11. Bxd4 Bc6 12. Qd3 b5 13. a3 a5 14. Rfe1 b4 15. axb4 axb4 16. Nd5 Bxd5 17. exd5 Qc7 18. Qe3 Qb7 19. Rxa8 Qxa8 20. Qd2 Qb7 21. Ra1 Ne4 22. Qe3 Bxd4 23. Qxd4 Nc5 24. Bc4 Ra8 25. Re1 Ra7 26. h4 h5 27. g4 hxg4 28. h5 Qd7 29. hxg6 fxg6 30. Be2 Qf5 31. Bxg4 Qf6 32. Qxb4 Ra4 33. Qb8+ Kg7 34. b4 Qh4 35. Bd1 Rxb4 36. Rxe7+ Qxe7 37. Qxb4 Qg5+ 38. Qg4 Qxd5 39. Bf3 Qf5 40. Qd4+ Qf6 41. Qe3 Qe5 1/2-1/2

[Event "Oceania zt"]
[Site "Rotorua"]
[Date "2011.01.27"]
[Round "4"]
[White "Cooper, Nigel"]
[Black "Dordevic, Ivan"]
[Result "0-1"]
[WhiteElo "1769"]
[BlackElo "2019"]
[PlyCount "82"]
[EventDate "2011.01.25"]
[EventType "swiss"]
[EventRounds "9"]
[EventCountry "NZL"]
[SourceTitle "CBM 140 Extra"]
[Source "ChessBase"]
[SourceDate "2011.03.01"]
[SourceVersion "1"]
[SourceVersionDate "2011.03.01"]
[SourceQuality "1"]

1. d4 Nf6 2. Bg5 Ne4 3. Bf4 c5 4. e3 Qb6 5. b3 Qb4+ 6. Nd2 cxd4 7. exd4 Qxd4 8. Be3 Qd5 9. c4 Qc6 10. Ngf3 Nxd2 11. Qxd2 Qc7 12. g3 Nc6 13. Bg2 g6 14. Bh6 Qa5 15. Qxa5 Nxa5 16. Bxf8 Kxf8 17. 0-0 Nc6 18. Rfe1 d6 19. Rad1 Bg4 20. h3 Bxf3 21. Bxf3 Rd8 22. Re2 e6 23. Red2 Ke7 24. Bxc6 bxc6 25. b4 d5 26. c5 Rd7 27. f4 Rb8 28. Rb2 Rdb7 29. a3 a5 30. Ra1 f6 31. Kf2 Rb5 32. Rab1 axb4 33. axb4 e5 34. Ke3 Ra8 35. Rb3 Ke6 36. g4 d4+ 37. Kd3 Ra2 38. R3b2 Rxb2 39. Rxb2 Kd5 40. g5 e4+ 41. Kd2 fxg5 0-1

[Event "NZL-ch 118th"]
[Site "Auckland"]
[Date "2011.01.07"]
[Round "6"]
[White "Dordevic, Ivan"]
[Black "Taylor, Richard"]
[Result "1-0"]
[WhiteElo "2019"]
[BlackElo "1929"]
[PlyCount "37"]
[EventDate "2011.01.02"]
[EventType "swiss"]
[EventRounds "11"]
[EventCountry "NZL"]
[SourceTitle "CBM 140 Extra"]
[Source "ChessBase"]
[SourceDate "2011.03.01"]
[SourceVersion "1"]
[SourceVersionDate "2011.03.01"]
[SourceQuality "1"]

1. e4 c5 2. Nf3 d6 3. d4 cxd4 4. Nxd4 Nf6 5. Nc3 a6 6. Be2 e5 7. Nb3 Be6 8. 0-0 Be7 9. a4 Nbd7 10. Be3 Qc7 11. f4 0-0 12. Kh1 Bc4 13. a5 Bxe2 14. Qxe2 Rac8 15. f5 Nxe4 16. Nxe4 d5 17. Nc3 Nf6 18. Bb6 Qd7 19. Rad1 1-0